00381nam a22001337a 450000500170000000800410001704100130005808200160007110000130008724500860010026000090018630000260019565000260022120231129100901.0231129b |||||||| |||| 00| 0 eng d aEnglish  a340.07 AME  lEnglish  aAttaining Excellence in CLE : bStandards for Quality and Methods for Evaluation  c1999 b82 pages ; c 28 cm.  aLegal practice bLaw